| 000 | 00000nam 2200000za 4500 |
| 001 | 9.697512 |
| 003 | CaOODSP |
| 005 | 20221107134522 |
| 007 | cr ||||||||||| |
| 008 | 150407s2008||||onca||||o f00| 0 eng d |
| 040 | |aCaOODSP|beng |
| 043 | |an-cn--- |
| 086 | 1 |aPS99-2/2-2008E-PDF |
| 245 | 00|aCanadian firearms safety course |h[electronic resource] : |bstudent handbook. |
| 250 | |a4th ed. |
| 260 | |aOttawa : |bCanada Firearms Centre, Royal Canadian Mounted Police, |c2008. |
| 300 | |a271 p. : |bgraphs, glossary. |
| 500 | |aIssued also in French under title: Cours canadien dans le maniement des armes à feu, manuel de l'étudiant. |
| 590 | |a13-06-Supp|b2013-03-19 |
| 690 | 07|aFirearms|2gcpds |
| 690 | 07|aSafety|2gcpds |
| 710 | 2 |aRoyal Canadian Mounted Police. |
| 775 | 08|tCours canadien dans le maniement des armes à feu |w(CaOODSP)9.641549 |
| 856 | 40|ahttp://publications.gc.ca|qPDF|s13.67 MB|uhttps://publications.gc.ca/collections/collection_2013/grc-rcmp/PS99-2-2-2008-eng.pdf |